Statistics for Most Central Countries in Africa

Click here to take the quiz!

General Stats

  • This quiz has been taken 884 times
  • The average score is 17 of 20

Answer Stats

Country% Correct
Democratic Republic of the Congo
98%
Central African Republic
95%
Republic of the Congo
95%
Rwanda
91%
Burundi
89%
Angola
88%
Uganda
88%
Cameroon
87%
Gabon
86%
South Sudan
86%
Nigeria
85%
Benin
83%
Equatorial Guinea
83%
Togo
83%
Ghana
80%
Burkina Faso
78%
Malawi
75%
Tanzania
75%
Côte d'Ivoire
71%
Sao Tomé and Príncipe
65%

Score Distribution

Percentile by Number Answered

Percent of People with Each Score

Your Score History

You have not taken this quiz